Alvaro Soler - El mismo sol lyrics - Statistics

General Stats
  • This quiz has been taken 20 times
  • The average score is 163 of 229
Answer Stats
Hints Answer % Correct
a
94%
el
94%
mi
94%
mismo
94%
sol
94%
y
94%
amor
81%
bajo
81%
del
81%
es
81%
mundo
81%
se
81%
ahora
75%
estamos
75%
este
75%
hasta
75%
no
75%
oeste
75%
quiero
75%
todos
75%
aquí
69%
celebramos
69%
conteste
69%
que
69%
yo
69%
claro
63%
juntos
63%
raro
63%
sea
63%
un
63%
lo
56%
se puede
56%
. Te digo
56%
falta
50%
nos vamos
50%
una
50%
así
44%
enano
44%
mano
44%
nada
44%
paro
44%
solo
44%
44%
digas
38%
hace
38%
yo quiero
38%
hay
31%
malo
31%
eh
25%
fronteras
25%
la pena
25%
quieras
25%
vale la pena
25%
saca lo
19%
será lo
13%
veras
0%
No matching quizzes found
Score Distribution
Percent of People with Each Score
Percentile by Number Answered
Your Score History
You have not taken this quiz